| 000 | 00449nam a2200181Ia 4500 | ||
|---|---|---|---|
| 001 | 18584 | ||
| 005 | 20260306171641.0 | ||
| 008 | 260306s9999||||xx |||||||||||||| ||und|| | ||
| 041 | _aESP | ||
| 082 |
_a658.4092 _bC26 |
||
| 100 |
_aCeñeque, Martín _eAUT |
||
| 245 | 0 |
_aAprender a liderar: _bmanual de desarrollo gerencial |
|
| 260 | _c2012 | ||
| 300 |
_a342 páginas : _c23 cm. |
||
| 650 | _aGEN | ||
| 654 | _aCAN | ||
| 942 |
_cLIB _dJUS _fJUS _2ddc _n |
||
| 999 |
_c18584 _d18584 |
||